| Tag |
First Indicator |
Second Indicator |
Subfields |
| LEADER |
00000cam a2200000 4500 |
| 001 |
in00000055800 |
| 005 |
20151008052316.0 |
| 008 |
720502s1954 nyua 00000 eng u |
| 010 |
|
|
|a 54006727
|
| 035 |
|
|
|a (OCoLC)00298888
|
| 035 |
|
|
|9 AAH2745AM
|
| 040 |
|
|
|c YNG
|d TXA
|d UtOrBLW
|
| 049 |
|
|
|a TXAM
|c [245220]
|
| 090 |
|
|
|a HD7834
|b .M24
|
| 092 |
|
|
|a 331
|b M169i
|
| 100 |
1 |
|
|a McNaughton, Wayne L.
|q (Wayne Leslie),
|d 1902-1982.
|
| 245 |
1 |
0 |
|a Industrial relations and the government /
|c [by] Wayne L. McNaughton [and] Joseph Lazar.
|
| 264 |
|
1 |
|a New York :
|b McGraw-Hill,
|c 1954.
|
| 300 |
|
|
|a 531 pages :
|b illustrations
|
| 336 |
|
|
|a text
|b txt
|2 rdacontent
|
| 337 |
|
|
|a unmediated
|b n
|2 rdamedia
|
| 338 |
|
|
|a volume
|b nc
|2 rdacarrier
|
| 650 |
|
0 |
|a Labor laws and legislation
|z United States.
|
| 700 |
1 |
|
|a Lazar, Joseph,
|d 1916-
|
| 999 |
|
|
|a MARS
|
| 999 |
f |
f |
|s a28babe0-5f84-33d9-9320-22e6e3964106
|i 670e1708-751f-39e2-8cad-0f0a6ed67ea7
|t 0
|
| 952 |
f |
f |
|p ric
|a Texas A&M University
|b Rellis Campus
|c Joint Library Facility
|d Remote Storage
|t 0
|e HD7834 .M24
|h Library of Congress classification
|i unmediated -- volume
|m A14800711836
|
| 998 |
f |
f |
|a HD7834 .M24
|t 0
|l Remote Storage
|